Odpustenie sankcií
Od 1. 1. 2005 sú novelou zákona o správe daní nanovo upravené podmienky a postup pri povoľovaní úľavy, resp. pri odpustení sankcie (penále, zvýšenie dane, úrok, sankčný úrok, pokuta), a to tak pre príslušný daňový orgán, ako aj pre daňový subjekt. Zachováva sa sociálny aspekt. Nepriama štátna pomoc.
Salvato in:
| Autore principale: | |
|---|---|
| Natura: | Capitolo di libro |
| Lingua: | slovacco |
| Soggetti: | |
| Tags: |
Nessun Tag, puoi essere il primo ad aggiungerne!!
|
MARC
| LEADER | 00000naa$a2200000$$$4500 | ||
|---|---|---|---|
| 001 | 0026880 | ||
| 005 | 20231114083232.4 | ||
| 041 | 0 | |a slo | |
| 044 | |a SK | ||
| 245 | 1 | 0 | |a Odpustenie sankcií |c Marcela Beňová |
| 520 | |a Od 1. 1. 2005 sú novelou zákona o správe daní nanovo upravené podmienky a postup pri povoľovaní úľavy, resp. pri odpustení sankcie (penále, zvýšenie dane, úrok, sankčný úrok, pokuta), a to tak pre príslušný daňový orgán, ako aj pre daňový subjekt. Zachováva sa sociálny aspekt. Nepriama štátna pomoc. | ||
| 610 | 2 | 0 | |a sankcie |
| 610 | 2 | 0 | |a penále |
| 610 | 2 | 0 | |a pokuty |
| 610 | 2 | 0 | |a správa daňová |
| 610 | 2 | 0 | |a pomoc štátna |
| 610 | 2 | 0 | |a predpisy daňové |
| 100 | 1 | |a Beňová, Marcela | |